[Event "XIV American Continental-ch 2019"]
[Site "Sao Paulo"]
[Date "2019.07.09"]
[Round "5.14"]
[White "Salinas Herrera, Pablo"]
[Black "Coro, Lucas"]
[Result "1-0"]
[WhiteElo "2498"]
[BlackElo "2312"]
[Annotator "RC"]
[PlyCount "214"]
[EventDate "2019.07.05"]
[EventType "swiss"]
[EventCountry "BRA"]
[SourceTitle "playchess.com"]
[Source "ChessBase"]
[SourceQuality "1"]
[TimeControl "40/5400+30:1800+30"]

1. d4 {[%emt 0:00:00]} Nf6 {[%emt 0:01:45]} 2. Nf3 {[%emt 0:00:00]} g6 {[%emt 0:00:49]} 3. Nbd2 {[%emt 0:00:00]} d5 {[%emt 0:01:59]} 4. e3 {[%emt 0:00:00]} Bg7 {[%emt 0:00:25]} 5. b4 {[%emt 0:00:00]} O-O {[%emt 0:01:11]} 6. c4 {[%emt 0:00:00]} b6 {[%emt 0:06:26]} 7. Bb2 {[%emt 0:01:54]} Bb7 {[%emt 0:01:31]} 8. Be2 {[%emt 0:01:52]} dxc4 {[%emt 0:00:40]} 9. Nxc4 {[%emt 0:00:09]} c5 {[%emt 0:04:40]} 10. dxc5 {[%emt 0:04:59]} bxc5 {[%emt 0:04:15]} 11. Qxd8 {[%emt 0:04:19]} Rxd8 {[%emt 0:00:09]} 12. Na5 {[%emt 0:00:02]} Be4 {[%emt 0:00:43]} 13. bxc5 {[%emt 0:05:16]} Rc8 {[%emt 0:03:51]} 14. Rc1 {[%emt 0:03:17]} Nfd7 {[%emt 0:01:50]} 15. Ba3 {[%emt 0:07:18]} Nc6 {[%emt 0:10:32]} 16. Nxc6 {[%emt 0:01:27]} Rxc6 {[%emt 0:00:09]} 17. O-O {[%emt 0:01:11]} Rb8 {[%emt 0:00:33]} 18. Nd4 {[%emt 0:00:24]} Bxd4 {[%emt 0:01:50]} 19. exd4 {[%emt 0:00:04]} Nf6 {[%emt 0:01:13]} 20. Rfe1 {[%emt 0:02:12]} e6 {[%emt 0:00:52]} 21. f3 {[%emt 0:00:46]} Bd5 {[%emt 0:02:21]} 22. Rb1 {[%emt 0:00:06]} Rcc8 {[%emt 0:02:32]} 23. Ba6 {[%emt 0:05:49]} Re8 {[%emt 0:00:23]} 24. Rec1 {[%emt 0:01:29]} Bc6 {[%emt 0:04:32]} 25. Bb4 {[%emt 0:03:16]} Nd5 {[%emt 0:02:30]} 26. Be1 {[%emt 0:00:41]} f5 {[%emt 0:01:14]} 27. Ba5 {[%emt 0:04:17]} Kf7 {[%emt 0:01:32]} 28. Kf2 {[%emt 0:02:45]} Rg8 {[%emt 0:02:44]} 29. h4 {[%emt 0:00:29]} Ke7 {[%emt 0:00:44]} 30. Bd3 {[%emt 0:01:51]} Kd7 {[%emt 0:00:52]} 31. Bd2 {[%emt 0:00:31]} Rbe8 {[%emt 0:03:40]} 32. Rb3 {[%emt 0:00:26]} Rb8 {[%emt 0:01:41]} 33. Rcb1 {[%emt 0:02:10]} Rxb3 {[%emt 0:01:12]} 34. Rxb3 {[%emt 0:00:04]} Re8 {[%emt 0:04:19]} 35. Bh6 {[%emt 0:08:33]} Rg8 {[%emt 0:00:31]} 36. Kg3 {[%emt 0:00:11]} Ke7 {[%emt 0:05:47]} 37. Bc4 {[%emt 0:00:23]} Kd7 {[%emt 0:00:35]} 38. Bf4 {[%emt 0:01:26]} Ra8 {[%emt 0:01:13]} 39. Be5 {[%emt 0:00:57]} Rg8 {[%emt 0:00:49]} 40. a4 {[%emt 0:01:34]} a5 {[%emt 0:03:11]} 41. Bb5 {[%emt 0:32:32]} h6 {[%emt 0:33:32]} 42. Kf2 {[%emt 0:00:25]} g5 {[%emt 0:00:31]} 43. hxg5 {[%emt 0:00:04]} hxg5 {[%emt 0:00:09]} 44. Rb1 {[%emt 0:04:06]} Nc3 {[%emt 0:06:00]} 45. Bxc6+ {[%emt 0:00:46]} Kxc6 {[%emt 0:00:09]} 46. Rb6+ {[%emt 0:00:02]} Kd5 {[%emt 0:00:45]} 47. c6 {[%emt 0:00:31]} Nxa4 {[%emt 0:01:09]} 48. Ra6 {[%emt 0:00:26]} Nb2 {[%emt 0:01:51]} 49. Rxa5+ {[%emt 0:11:13]} Kxc6 {[%emt 0:00:20]} 50. Ke2 {[%emt 0:00:23]} Kb6 {[%emt 0:00:00]} 51. Rc5 {[%emt 0:00:00]} Na4 {[%emt 0:00:00]} 52. Rc1 {[%emt 0:00:00]} Kb5 {[%emt 0:00:00]} 53. Rc7 {[%emt 0:00:00]} Kb6 {[%emt 0:00:00]} 54. Kd2 {[%emt 0:00:00]} g4 {[%emt 0:00:00]} 55. f4 {[%emt 0:00:00]} Kb5 {[%emt 0:00:00]} 56. Rc1 {[%emt 0:00:00]} Ra8 {[%emt 0:00:00]} 57. Ke2 {[%emt 0:00:00]} Ra6 {[%emt 0:00:00]} 58. Kf2 {[%emt 0:00:00]} Kb4 {[%emt 0:00:00]} 59. Kg3 {[%emt 0:00:00]} Nc3 {[%emt 0:00:00]} 60. Kh4 {[%emt 0:00:00]} Ne4 {[%emt 0:00:00]} 61. Kh5 {[%emt 0:00:00]} Ra2 {[%emt 0:00:08]} 62. Kg6 {[%emt 0:00:00]} Rxg2 {[%emt 0:00:59]} 63. Kf7 {[%emt 0:00:00]} g3 {[%emt 0:01:32]} 64. Kxe6 {[%emt 0:00:00]} Rf2 {[%emt 0:01:07]} 65. d5 {[%emt 0:00:00]} g2 {[%emt 0:01:00]} 66. Rg1 {[%emt 0:00:00]} Kc5 {[%emt 0:04:12]} 67. d6 {[%emt 0:00:00]} Rd2 {[%emt 0:00:36]} 68. d7 {[%emt 0:00:00]} Kc6 {[%emt 0:00:47]} 69. Rxg2 {[%emt 0:00:00]} Nc5+ {[%emt 0:00:37]} 70. Kxf5 {[%emt 0:00:00]} Rxd7 {[%emt 0:00:12]} 71. Rh2 {[%emt 0:02:51]} Nd3 {[%emt 0:01:21]} 72. Ke6 {[%emt 0:00:04]} Nc5+ {[%emt 0:01:13]} 73. Kf6 {[%emt 0:01:00]} Ne4+ {[%emt 0:00:07]} 74. Kg6 {[%emt 0:00:10]} Kd5 {[%emt 0:00:15]} 75. Ra2 {[%emt 0:00:35]} Ng3 {[%emt 0:01:12]} 76. Ra3 {[%emt 0:00:48]} Ne4 {[%emt 0:02:08]} 77. Ra5+ {[%emt 0:01:20]} Ke6 {[%emt 0:01:38]} 78. f5+ {[%emt 0:00:11]} Ke7 {[%emt 0:00:07]} 79. Ra6 {[%emt 0:00:09]} Rd1 {[%emt 0:01:08]} 80. Ra7+ {[%emt 0:00:12]} Ke8 {[%emt 0:00:13]} 81. f6 {[%emt 0:00:19]} Rg1+ {[%emt 0:02:41]} 82. Kf5 {[%emt 0:00:06]} Nxf6 {[%emt 0:00:05]} 83. Kxf6 {[%emt 0:00:55]} Kd8 {[%emt 0:00:18]} 84. Bd6 {[%emt 0:00:56]} Kc8 {[%emt 0:00:28]} 85. Ke6 {[%emt 0:00:17]} Re1+ {[%emt 0:00:38]} 86. Be5 {[%emt 0:00:05]} Re2 {[%emt 0:01:02]} 87. Rc7+ {[%emt 0:00:05]} Kd8 {[%emt 0:00:06]} 88. Rb7 {[%emt 0:00:14]} Rc2 {[%emt 0:01:48]} 89. Rb1 {[%emt 0:00:23]} Rc6+ {[%emt 0:00:35]} 90. Bd6 {[%emt 0:00:08]} Rc2 {[%emt 0:00:06]} 91. Rb7 {[%emt 0:06:16]} Rc1 {[%emt 0:00:55]} 92. Rb6 {[%emt 0:03:56]} Rc2 {[%emt 0:00:31]} 93. Be5 {[%emt 0:00:10]} Rc1 {[%emt 0:00:29]} 94. Bg3 {[%emt 0:01:01]} Rc2 {[%emt 0:00:32]} 95. Rb7 {[%emt 0:04:20]} Re2+ {[%emt 0:00:38]} 96. Be5 {[%emt 0:00:05]} Rc2 {[%emt 0:00:08]} 97. Bf4 {[%emt 0:00:10]} Re2+ {[%emt 0:01:29]} 98. Kd6 {[%emt 0:00:04]} Kc8 {[%emt 0:01:06]} 99. Rf7 {[%emt 0:00:14]} Re1 {[%emt 0:01:00]} 100. Kc6 {[%emt 0:00:16]} Kd8 {[%emt 0:00:06]} 101. Bd6 {[%emt 0:01:00]} Re2 {[%emt 0:00:20]} 102. Kd5 {[%emt 0:04:09]} Rd2+ {[%emt 0:00:28]} 103. Ke6 {[%emt 0:00:11]} Kc8 {[%emt 0:00:27]} 104. Rc7+ {[%emt 0:00:02]} Kd8 {[%emt 0:00:31]} 105. Rc1 {[%emt 0:00:18]} Re2+ {[%emt 0:01:24]} 106. Be5 {[%emt 0:00:04]} Re3 {[%emt 0:00:19]} 107. Rc7 Re2 {Bd6 Rd2 Be5} 1-0

[Event "XIV American Continental-ch 2019"]
[Site "Sao Paulo"]
[Date "2019.07.09"]
[Round "5.15"]
[White "Cubas, Jose Fernando"]
[Black "Filgueiras, Nathan Felipe"]
[Result "1/2-1/2"]
[WhiteElo "2493"]
[BlackElo "2259"]
[Annotator "RC"]
[PlyCount "117"]
[EventDate "2019.07.05"]
[EventType "swiss"]
[EventCountry "BRA"]
[SourceTitle "playchess.com"]
[Source "ChessBase"]
[SourceQuality "1"]
[TimeControl "40/5400+30:1800+30"]

1. e4 {[%emt 0:00:00]} e5 {[%emt 0:14:58]} 2. Nf3 {[%emt 0:00:20]} Nc6 {[%emt 0:00:32]} 3. Bc4 {[%emt 0:02:03]} Nf6 {[%emt 0:00:21]} 4. d4 {[%emt 0:03:12]} exd4 {[%emt 0:01:43]} 5. O-O {[%emt 0:01:11]} Nxe4 {[%emt 0:01:06]} 6. Re1 {[%emt 0:00:29]} d5 {[%emt 0:00:06]} 7. Bxd5 {[%emt 0:00:18]} Qxd5 {[%emt 0:00:38]} 8. Nc3 {[%emt 0:00:06]} Qd7 {[%emt 0:02:08]} 9. Nxe4 {[%emt 0:02:36]} Be7 {[%emt 0:02:28]} 10. Bg5 {[%emt 0:00:28]} O-O {[%emt 0:00:50]} 11. Bxe7 {[%emt 0:00:37]} Qxe7 {[%emt 0:00:30]} 12. Nxd4 {[%emt 0:00:05]} Bd7 {[%emt 0:07:04]} 13. Qh5 {[%emt 0:07:50]} g6 {[%emt 0:06:13]} 14. Qh6 {[%emt 0:02:37]} Qe5 {[%emt 0:01:29]} 15. Nf3 {[%emt 0:07:55]} Qg7 {[%emt 0:03:09]} 16. Qf4 {[%emt 0:01:36]} Bf5 {[%emt 0:02:56]} 17. Nc3 {[%emt 0:01:42]} Rfd8 {[%emt 0:10:55]} 18. Rad1 {[%emt 0:12:48]} Bxc2 {[%emt 0:07:34]} 19. Rc1 {[%emt 0:02:48]} Bf5 {[%emt 0:02:13]} 20. Qxc7 {[%emt 0:00:29]} Rd7 {[%emt 0:06:08]} 21. Qf4 {[%emt 0:00:02]} Rad8 {[%emt 0:01:49]} 22. h3 {[%emt 0:00:03]} h6 {[%emt 0:01:12]} 23. Re3 {[%emt 0:03:54]} Kh7 {[%emt 0:05:52]} 24. g4 {[%emt 0:12:23]} Be6 {[%emt 0:02:56]} 25. b4 {[%emt 0:09:31]} Bd5 {[%emt 0:05:40]} 26. Ne5 {[%emt 0:06:07]} Nxe5 {[%emt 0:00:54]} 27. Rxe5 {[%emt 0:00:02]} Be6 {[%emt 0:01:08]} 28. Rce1 {[%emt 0:11:03]} Rd4 {[%emt 0:02:29]} 29. Ne4 {[%emt 0:01:05]} g5 {[%emt 0:02:09]} 30. Qf3 {[%emt 0:01:59]} Rd3 {[%emt 0:01:41]} 31. Nf6+ {[%emt 0:00:03]} Kh8 {[%emt 0:00:18]} 32. R1e3 {[%emt 0:00:49]} R3d4 {[%emt 0:00:56]} 33. R5e4 {[%emt 0:01:14]} Rd1+ {[%emt 0:01:15]} 34. Kg2 {[%emt 0:01:43]} R1d2 {[%emt 0:01:14]} 35. Rc3 {[%emt 0:00:33]} R2d4 {[%emt 0:01:53]} 36. Rce3 {[%emt 0:02:08]} Rd2 {[%emt 0:00:01]} 37. Ra3 {[%emt 0:02:02]} R2d4 {[%emt 0:01:10]} 38. Rxd4 {[%emt 0:00:46]} Rxd4 {[%emt 0:00:22]} 39. Rxa7 {[%emt 0:00:05]} Rd8 {[%emt 0:02:02]} 40. Rxb7 {[%emt 0:00:51]} Qg6 {[%emt 0:00:19]} 41. Rb5 {[%emt 0:13:15]} Kg7 {[%emt 0:04:42]} 42. Nh5+ {[%emt 0:00:44]} Kh7 {[%emt 0:01:06]} 43. Re5 {[%emt 0:07:25]} Rd3 {[%emt 0:04:40]} 44. Rxe6 {[%emt 0:05:54]} fxe6 {[%emt 0:00:17]} 45. Qb7+ {[%emt 0:00:01]} Kg8 {[%emt 0:03:17]} 46. Qc8+ {[%emt 0:01:07]} Kf7 {[%emt 0:02:19]} 47. Qc7+ {[%emt 0:01:06]} Ke8 {[%emt 0:02:08]} 48. Qc6+ {[%emt 0:00:01]} Ke7 {[%emt 0:01:19]} 49. b5 {[%emt 0:02:42]} Rd5 {[%emt 0:03:18]} 50. Ng3 {[%emt 0:01:17]} Qd3 {[%emt 0:03:45]} 51. a4 {[%emt 0:01:12]} Rd6 {[%emt 0:01:44]} 52. Qc7+ {[%emt 0:00:15]} Rd7 {[%emt 0:00:13]} 53. Qc5+ {[%emt 0:00:07]} Qd6 {[%emt 0:01:13]} 54. Qe3 {[%emt 0:01:36]} Qd5+ {[%emt 0:01:47]} 55. Kh2 {[%emt 0:00:50]} Qd2 {[%emt 0:00:55]} 56. Qc5+ {[%emt 0:00:47]} Qd6 {[%emt 0:00:06]} 57. Qe3 {[%emt 0:01:00]} Qd2 {[%emt 0:00:06]} 58. Qc5+ {[%emt 0:00:18]} Qd6 {[%emt 0:00:11]} 59. Qe3 1/2-1/2

[Event "XIV American Continental-ch 2019"]
[Site "Sao Paulo"]
[Date "2019.07.08"]
[Round "5.16"]
[White "Santiago, Yago De Moura"]
[Black "Pereira, Silvio Cunha"]
[Result "1/2-1/2"]
[WhiteElo "2473"]
[BlackElo "2220"]
[Annotator "ChessBase"]
[PlyCount "52"]
[EventDate "2019.07.05"]
[EventType "swiss"]
[EventCountry "BRA"]
[SourceTitle "playchess.com"]
[Source "ChessBase"]
[SourceQuality "1"]
[TimeControl "40/5400+30:1800+30"]

1. d4 {[%emt 0:00:00]} Nf6 {[%emt 0:00:00]} 2. Nc3 {[%emt 0:00:00]} d5 {[%emt 0:00:00]} 3. Bf4 {[%emt 0:00:00]} a6 {[%emt 0:00:03]} 4. e3 {[%emt 0:00:17]} c5 {[%emt 0:02:14]} 5. dxc5 {[%emt 0:01:41]} Qa5 {[%emt 0:01:59]} 6. Bxb8 {[%emt 0:00:49]} Rxb8 {[%emt 0:00:07]} 7. Qd4 {[%emt 0:00:05]} b6 {[%emt 0:02:14]} 8. Qf4 {[%emt 0:04:51]} Ra8 {[%emt 0:02:36]} 9. Qa4+ {[%emt 0:00:17]} Bd7 {[%emt 0:01:53]} 10. Qxa5 {[%emt 0:01:38]} bxa5 {[%emt 0:00:06]} 11. a3 {[%emt 0:01:05]} Rb8 {[%emt 0:01:47]} 12. O-O-O {[%emt 0:03:10]} e6 {[%emt 0:03:57]} 13. Bxa6 {[%emt 0:00:09]} Bxc5 {[%emt 0:00:12]} 14. Nf3 {[%emt 0:00:26]} Rb6 {[%emt 0:01:02]} 15. Bd3 {[%emt 0:00:27]} Ke7 {[%emt 0:05:02]} 16. Ne5 {[%emt 0:02:56]} Be8 {[%emt 0:00:08]} 17. h3 {[%emt 0:01:01]} Bd6 {[%emt 0:09:46]} 18. Nf3 {[%emt 0:05:34]} Bd7 {[%emt 0:01:20]} 19. a4 {[%emt 0:01:37]} Rc8 {[%emt 0:13:47]} 20. Nd4 {[%emt 0:05:13]} g6 {[%emt 0:02:09]} 21. Bb5 {[%emt 0:06:08]} Rxc3 {[%emt 0:17:46]} 22. bxc3 {[%emt 0:04:45]} Ne4 {[%emt 0:00:23]} 23. f4 {[%emt 0:36:32]} Ba3+ {[%emt 0:03:38]} 24. Kb1 {[%emt 0:00:17]} Nxc3+ {[%emt 0:00:46]} 25. Ka1 {[%emt 0:00:04]} Nxd1 {[%emt 0:02:20]} 26. Rxd1 {[%emt 0:02:18]} Bc5 {[%emt 0:01:32]} 1/2-1/2

[Event "XIV American Continental-ch 2019"]
[Site "Sao Paulo"]
[Date "2019.07.08"]
[Round "5.17"]
[White "Matsuura, Everaldo"]
[Black "Fernandez, Maria Florencia"]
[Result "1-0"]
[WhiteElo "2459"]
[BlackElo "2220"]
[Annotator "ChessBase"]
[PlyCount "70"]
[EventDate "2019.07.05"]
[EventType "swiss"]
[EventCountry "BRA"]
[SourceTitle "playchess.com"]
[Source "ChessBase"]
[SourceQuality "1"]
[TimeControl "40/5400+30:1800+30"]

1. e4 {[%emt 0:00:21]} d6 {[%emt 0:00:00]} 2. d4 {[%emt 0:00:34]} Nf6 {[%emt 0:00:14]} 3. f3 {[%emt 0:00:44]} g6 {[%emt 0:00:15]} 4. c4 {[%emt 0:00:25]} Bg7 {[%emt 0:00:18]} 5. Nc3 {[%emt 0:00:12]} O-O {[%emt 0:00:14]} 6. Bg5 {[%emt 0:00:16]} c5 {[%emt 0:01:28]} 7. d5 {[%emt 0:00:12]} h6 {[%emt 0:00:14]} 8. Be3 {[%emt 0:00:30]} e6 {[%emt 0:00:20]} 9. Qd2 {[%emt 0:00:21]} exd5 {[%emt 0:00:47]} 10. cxd5 {[%emt 0:00:12]} Kh7 {[%emt 0:08:43]} 11. Nge2 {[%emt 0:02:45]} Nbd7 {[%emt 0:04:00]} 12. Ng3 {[%emt 0:06:31]} a6 {[%emt 0:04:09]} 13. a4 {[%emt 0:05:55]} Qa5 {[%emt 0:07:52]} 14. Be2 {[%emt 0:02:51]} b5 {[%emt 0:01:30]} 15. O-O b4 16. Nd1 {[%emt 0:03:45]} Re8 {[%emt 0:03:15]} 17. Nf2 {[%emt 0:13:52]} h5 18. Nh3 Ne5 {[%emt 0:15:26]} 19. Ng5+ {[%emt 0:01:44]} Kg8 {[%emt 0:00:04]} 20. h3 {[%emt 0:07:43]} Ned7 {[%emt 0:09:06]} 21. Nh1 {[%emt 0:04:33]} Nf8 {[%emt 0:00:52]} 22. Nf2 {[%emt 0:03:10]} N8h7 {[%emt 0:00:51]} 23. Nxh7 {[%emt 0:03:51]} Kxh7 {[%emt 0:06:41]} 24. Bf4 {[%emt 0:01:40]} Qd8 25. Nd1 {[%emt 0:05:00]} Qe7 {[%emt 0:03:33]} 26. Ne3 Nd7 {[%emt 0:01:11]} 27. Nc4 {[%emt 0:01:33]} Ne5 {[%emt 0:00:39]} 28. Nb6 {[%emt 0:02:05]} Ra7 {[%emt 0:00:20]} 29. Bg5 {[%emt 0:07:17]} f6 {[%emt 0:10:27]} 30. Be3 Nd7 {[%emt 0:00:42]} 31. Nxc8 {[%emt 0:05:33]} Rxc8 {[%emt 0:00:03]} 32. Rae1 {[%emt 0:01:30]} Re8 {[%emt 0:04:20]} 33. f4 {[%emt 0:11:23]} f5 {[%emt 0:02:46]} 34. Bd3 {[%emt 0:01:32]} fxe4 {[%emt 0:01:31]} 35. Bxe4 {[%emt 0:00:46]} Qf7 {[%emt 0:08:34]} 1-0

[Event "XIV American Continental-ch 2019"]
[Site "Sao Paulo"]
[Date "2019.07.08"]
[Round "5.18"]
[White "Garcia Cardenas, Pablo"]
[Black "Terao, Juliana Sayumi"]
[Result "1/2-1/2"]
[WhiteElo "2443"]
[BlackElo "2213"]
[Annotator "NA"]
[PlyCount "73"]
[EventDate "2019.07.05"]
[EventType "swiss"]
[EventCountry "BRA"]
[SourceTitle "playchess.com"]
[Source "ChessBase"]
[SourceQuality "1"]
[TimeControl "40/5400+30:1800+30"]

1. d4 {[%emt 0:00:00]} Nf6 {[%emt 0:00:00]} 2. c4 {[%emt 0:00:00]} e6 {[%emt 0:00:00]} 3. Nc3 {[%emt 0:00:00]} d5 {[%emt 0:00:01]} 4. Nf3 {[%emt 0:00:05]} a6 {[%emt 0:00:39]} 5. cxd5 {[%emt 0:00:28]} exd5 {[%emt 0:00:07]} 6. Bg5 {[%emt 0:00:19]} Be6 {[%emt 0:01:02]} 7. e3 {[%emt 0:00:49]} Nbd7 {[%emt 0:00:47]} 8. Bd3 {[%emt 0:00:31]} Bd6 {[%emt 0:01:01]} 9. O-O {[%emt 0:09:14]} c6 {[%emt 0:00:51]} 10. Rc1 {[%emt 0:00:19]} h6 {[%emt 0:01:30]} 11. Bf4 {[%emt 0:00:05]} Qc7 {[%emt 0:01:24]} 12. Bxd6 {[%emt 0:01:31]} Qxd6 {[%emt 0:00:08]} 13. Qc2 {[%emt 0:06:21]} O-O {[%emt 0:03:12]} 14. Na4 {[%emt 0:00:22]} Qc7 {[%emt 0:11:58]} 15. h3 {[%emt 0:07:07]} Rfe8 {[%emt 0:06:04]} 16. Nd2 {[%emt 0:06:29]} Nb6 {[%emt 0:22:12]} 17. Nc5 {[%emt 0:02:45]} a5 {[%emt 0:01:19]} 18. a3 {[%emt 0:12:29]} Nc8 {[%emt 0:10:30]} 19. b4 {[%emt 0:00:08]} Nd6 {[%emt 0:03:38]} 20. Nxe6 {[%emt 0:04:13]} Rxe6 {[%emt 0:00:42]} 21. b5 {[%emt 0:00:09]} Nde4 {[%emt 0:01:19]} 22. Bxe4 {[%emt 0:06:43]} dxe4 {[%emt 0:00:14]} 23. Qb1 {[%emt 0:03:53]} Rae8 {[%emt 0:02:53]} 24. bxc6 {[%emt 0:09:28]} Rxc6 {[%emt 0:00:08]} 25. Rxc6 {[%emt 0:03:26]} Qxc6 {[%emt 0:06:39]} 26. Rc1 {[%emt 0:00:05]} Qa4 {[%emt 0:01:17]} 27. Qxb7 {[%emt 0:04:44]} Qxa3 {[%emt 0:00:28]} 28. Rc7 {[%emt 0:00:19]} Qa2 {[%emt 0:01:17]} 29. Nc4 {[%emt 0:02:06]} Rf8 {[%emt 0:06:47]} 30. Rc8 {[%emt 0:05:02]} Rxc8 {[%emt 0:01:46]} 31. Qxc8+ {[%emt 0:00:02]} Kh7 {[%emt 0:00:08]} 32. d5 {[%emt 0:00:20]} a4 {[%emt 0:04:29]} 33. d6 {[%emt 0:07:04]} a3 {[%emt 0:02:22]} 34. Qf5+ {[%emt 0:01:50]} Kg8 {[%emt 0:00:07]} 35. Qc8+ {[%emt 0:02:10]} Kh7 {[%emt 0:00:05]} 36. Qf5+ {[%emt 0:00:14]} Kg8 {[%emt 0:00:06]} 37. Qc8+ {[%emt 0:00:05]} 1/2-1/2

[Event "XIV American Continental-ch 2019"]
[Site "Sao Paulo"]
[Date "2019.07.09"]
[Round "5.19"]
[White "Albuquerque Junior, Wellington S."]
[Black "Languidey, Simon Alejandro"]
[Result "0-1"]
[WhiteElo "2204"]
[BlackElo "2427"]
[Annotator "RC"]
[PlyCount "96"]
[EventDate "2019.07.05"]
[EventType "swiss"]
[EventCountry "BRA"]
[SourceTitle "playchess.com"]
[Source "ChessBase"]
[SourceQuality "1"]
[TimeControl "40/5400+30:1800+30"]

1. d4 {[%emt 0:00:00]} e6 {[%emt 0:09:09]} 2. Nf3 {[%emt 0:00:00]} Nf6 {[%emt 0:01:20]} 3. c4 {[%emt 0:01:17]} d5 {[%emt 0:00:32]} 4. Nc3 {[%emt 0:00:38]} Be7 {[%emt 0:01:20]} 5. Bg5 {[%emt 0:00:54]} O-O {[%emt 0:02:58]} 6. e3 {[%emt 0:00:52]} b6 {[%emt 0:00:42]} 7. cxd5 {[%emt 0:01:57]} exd5 {[%emt 0:00:15]} 8. Bd3 {[%emt 0:02:59]} Bb7 {[%emt 0:05:07]} 9. Qc2 {[%emt 0:04:05]} Nbd7 {[%emt 0:01:04]} 10. O-O {[%emt 0:05:05]} h6 {[%emt 0:01:39]} 11. Bh4 {[%emt 0:00:50]} a6 {[%emt 0:01:28]} 12. Rac1 {[%emt 0:14:58]} Re8 {[%emt 0:04:43]} 13. Ne2 {[%emt 0:09:08]} Bd6 {[%emt 0:05:42]} 14. Bh7+ {[%emt 0:03:48]} Kh8 {[%emt 0:01:08]} 15. Bf5 {[%emt 0:00:12]} c6 {[%emt 0:18:14]} 16. Bxd7 {[%emt 0:03:44]} Qxd7 {[%emt 0:00:11]} 17. Bxf6 {[%emt 0:00:09]} gxf6 {[%emt 0:00:09]} 18. Ng3 {[%emt 0:00:36]} Rg8 {[%emt 0:02:28]} 19. Qf5 {[%emt 0:02:15]} Qxf5 {[%emt 0:03:06]} 20. Nxf5 {[%emt 0:00:30]} Bf8 {[%emt 0:00:10]} 21. N3h4 {[%emt 0:08:40]} Kh7 {[%emt 0:03:04]} 22. Rc3 {[%emt 0:01:20]} a5 {[%emt 0:01:45]} 23. Rfc1 {[%emt 0:13:21]} Bb4 {[%emt 0:06:13]} 24. R3c2 {[%emt 0:00:24]} Rgc8 {[%emt 0:00:48]} 25. Nf3 {[%emt 0:02:28]} Bf8 {[%emt 0:03:10]} 26. Ne1 {[%emt 0:02:13]} c5 {[%emt 0:02:07]} 27. Nd3 {[%emt 0:01:09]} c4 {[%emt 0:01:01]} 28. Nf4 {[%emt 0:00:18]} b5 {[%emt 0:00:38]} 29. Ng3 {[%emt 0:02:49]} Ra6 {[%emt 0:06:45]} 30. Nge2 {[%emt 0:01:51]} Rd8 {[%emt 0:03:57]} 31. f3 {[%emt 0:04:46]} Bc6 {[%emt 0:04:46]} 32. Kf2 {[%emt 0:00:53]} Be7 {[%emt 0:01:40]} 33. g4 {[%emt 0:02:29]} Bf8 {[%emt 0:02:11]} 34. h3 {[%emt 0:01:52]} Bb7 {[%emt 0:01:09]} 35. Rg1 {[%emt 0:00:48]} b4 {[%emt 0:01:47]} 36. h4 {[%emt 0:00:50]} a4 {[%emt 0:00:48]} 37. g5 {[%emt 0:00:57]} fxg5 {[%emt 0:00:30]} 38. hxg5 {[%emt 0:00:07]} a3 {[%emt 0:01:12]} 39. bxa3 {[%emt 0:03:53]} Rxa3 {[%emt 0:00:38]} 40. g6+ {[%emt 0:00:26]} fxg6 {[%emt 0:01:45]} 41. Rxg6 {[%emt 0:31:37]} Rd6 {[%emt 0:32:35]} 42. Rxd6 {[%emt 0:01:31]} Bxd6 {[%emt 0:00:11]} 43. Rb2 {[%emt 0:00:00]} Bc6 {[%emt 0:00:00]} 44. Nh5 {[%emt 0:00:00]} Kg6 {[%emt 0:00:00]} 45. Nef4+ {[%emt 0:00:00]} Kf7 {[%emt 0:00:00]} 46. Re2 {[%emt 0:00:00]} c3 {[%emt 0:00:00]} 47. e4 {[%emt 0:00:00]} Bb5 {[%emt 0:00:00]} 48. Rc2 {[%emt 0:00:00]} Ba4 {[%emt 0:00:00]} 0-1